| 000 | 01094nam a2200277 a 4500 | ||
|---|---|---|---|
| 001 | 000006050 | ||
| 003 | DO-SdBNP | ||
| 005 | 20260429123223.0 | ||
| 007 | ta | ||
| 008 | 090826s2005 dr 001 0 spa d | ||
| 040 |
_aDO-SdBNP _bspa _cBNPHU |
||
| 082 | 4 |
_a323.445 _bR426L _222 |
|
| 110 | 2 |
_aRepública Dominicana. _9447 |
|
| 240 | 1 | 2 | _a[Leyes, etc.] |
| 245 | 1 | 0 | _aLey general de libre acceso a la información pública y el decreto que aprueba su reglamento No. 200-04. |
| 260 |
_aSanto Domingo : _bParticipación Ciudadana, _c2005. |
||
| 300 |
_a59 p. ; _c22 cm. |
||
| 505 | 0 |
_gPresentación -- _tLey general sobre libre acceso a la información pública -- _tReglamento de aplicación de la Ley General de libre acceso a la información pública. |
|
| 590 | _aInventariado, 2018/BT | ||
| 650 | 4 |
_aAcceso a la información _xLegislación _917043 |
|
| 650 | 4 |
_aPolítica de información _zRepública Dominicana _917044 |
|
| 650 | 2 | 0 |
_aParticipación política _9456 |
| 651 | 4 |
_aRepública Dominicana _xLey 200-04 _917045 |
|
| 910 | _aValidado. Control de calidad. EMS | ||
| 942 |
_2ddc _cLBS1 |
||
| 999 |
_c5846 _d5846 |
||